Michael Jackson Albums Tile Select - Statistics

General Stats
  • This quiz has been taken 220 times
  • The average score is 44 of 54
Answer Stats
Question Tile Select % Correct
the following songs that are on Off the Wall (1979). Don't Stop 'Til You Get Enough Yes
94%
the following songs that are on Off the Wall (1979). You Are There No
92%
the following songs that are on Off the Wall (1979). Human Nature No
91%
the following songs that are on Thriller (1982). It's the Falling in Love No
91%
the following songs that are on Thriller (1982). Billie Jean Yes
89%
the following songs that are on Off the Wall (1979). Just a Little Bit of You No
89%
the following songs that are on Thriller (1982). Beat It Yes
88%
the following songs that are on Bad (1987). Smooth Criminal Yes
88%
the following songs that are on Off the Wall (1979). Wanna Be Startin' Somethin' No
88%
the following songs that are on Dangerous (1991). Black or White Yes
86%
the following songs that are on Off the Wall (1979). Get on the Floor Yes
86%
the following songs that are on Bad (1987). Girlfriend No
86%
the following songs that are on Bad (1987). Keep the Faith No
86%
the following songs that are on Off the Wall (1979). Rock with You Yes
86%
the following songs that are on Thriller (1982). Workin' Day and Night No
86%
the following songs that are on Off the Wall (1979). Burn This Disco Out Yes
85%
the following songs that are on Bad (1987). In the Closet No
85%
the following songs that are on Dangerous (1991). Just Good Friends No
85%
the following songs that are on Bad (1987). Man in the Mirror Yes
85%
the following songs that are on Thriller (1982). She's Out of My Life No
85%
the following songs that are on Bad (1987). Speed Demon Yes
85%
the following songs that are on Invincible (2001). Earth Song No
84%
the following songs that are on Thriller (1982). P.Y.T. (Pretty Young Thing) Yes
84%
the following songs that are on Dangerous (1991). Smile No
84%
the following songs that are on Dangerous (1991). Jam Yes
83%
the following songs that are on HIStory: Past, Present and Future, Book I (1995). Stranger in Moscow Yes
83%
the following songs that are on Invincible (2001). They Don't Care About Us No
83%
the following songs that are on Dangerous (1991). Dirty Diana No
82%
the following songs that are on Bad (1987). Give In to Me No
82%
the following songs that are on HIStory: Past, Present and Future, Book I (1995). Speechless No
82%
the following songs that are on Thriller (1982). The Girl Is Mine Yes
82%
the following songs that are on Invincible (2001). Butterflies Yes
81%
the following songs that are on Bad (1987). Liberian Girl Yes
81%
the following songs that are on HIStory: Past, Present and Future, Book I (1995). Scream Yes
81%
the following songs that are on Invincible (2001). You Are Not Alone No
81%
the following songs that are on Invincible (2001). D.S. No
80%
the following songs that are on Invincible (2001). Heaven Can Wait Yes
79%
the following songs that are on Bad (1987). Another Part of Me Yes
78%
the following songs that are on Invincible (2001). Unbreakable Yes
78%
the following songs that are on Thriller (1982). Baby Be Mine Yes
77%
the following songs that are on Dangerous (1991). I Just Can't Stop Loving You No
77%
the following songs that are on HIStory: Past, Present and Future, Book I (1995). Cry No
76%
the following songs that are on Off the Wall (1979). I Can't Help It Yes
76%
the following songs that are on HIStory: Past, Present and Future, Book I (1995). Tabloid Junkie Yes
76%
the following songs that are on Thriller (1982). The Lady in My Life Yes
75%
the following songs that are on HIStory: Past, Present and Future, Book I (1995). Why You Wanna Trip on Me No
75%
the following songs that are on HIStory: Past, Present and Future, Book I (1995). Gone Too Soon No
74%
the following songs that are on Dangerous (1991). Will You Be There Yes
74%
the following songs that are on Invincible (2001). You Rock My World Yes
74%
the following songs that are on Dangerous (1991). She Drives Me Wild Yes
72%
the following songs that are on HIStory: Past, Present and Future, Book I (1995). Who Is It No
71%
the following songs that are on Invincible (2001). Whatever Happens Yes
68%
the following songs that are on HIStory: Past, Present and Future, Book I (1995). Little Susie Yes
67%
the following songs that are on Dangerous (1991). Can't Let Her Get Away Yes
65%
No matching quizzes found
Score Distribution
Percent of People with Each Score
Percentile by Number Answered
Your Score History
You have not taken this quiz